[Event "50th World Juniors"]
[Site "Chennai IND"]
[Date "2011.08.02"]
[Round "1.33"]
[White "Karma, Pandya"]
[Black "Anwesh, Upadhyaya"]
[Result "1-0"]
[BlackTitle "IM"]
[WhiteElo "2136"]
[BlackElo "2429"]
[WhiteFideId "5030331"]
[BlackFideId "5028949"]
[EventDate "2011.08.02"]

1. e4 e5 2. Nf3 Nc6 3. Bb5 a6 4. Ba4 d6 5. c3 f5 6. d3 Nf6 7. Qe2 Be7 8. O-O
fxe4 9. dxe4 b5 10. Bc2 Bg4 11. a4 Rb8 12. axb5 axb5 13. Bd3 b4 14. Bb5 Bd7 15.
Qc4 Rxb5 16. Qxb5 Nd4 17. Qd3 Nb3 18. Ra2 Nc5 19. Qe2 Ncxe4 20. cxb4 Qb8 21. Nc3
Qxb4 22. Ra8+ Bd8 23. Nxe4 Qxe4 24. Qxe4 Nxe4 25. Ng5 O-O 26. Nxe4 Bc6 27. Rxd8
Rxd8 28. Ng3 Rb8 29. f3 Kf7 30. Kf2 Ke6 31. Re1 Rb4 32. Ne4 h6 33. Nc3 Kd7 34.
Re2 Bb7 35. Be3 c5 36. Rd2 Ke6 37. Ne2 Rb5 38. f4 e4 39. f5+ Kxf5 40. Rxd6 Rxb2
41. Bxc5 e3+ 42. Bxe3 Bxg2 43. Bd4 Ra2 44. Bxg7 h5 45. Rf6+ Kg5 46. h4+ Kg4 47.
Rg6+ 1-0

[Event "50th World Juniors"]
[Site "Chennai IND"]
[Date "2011.08.02"]
[Round "1.34"]
[White "Ramnath, Bhuvanesh R"]
[Black "Mithil, Ajgaonkar"]
[Result "1/2-1/2"]
[WhiteTitle "IM"]
[WhiteElo "2422"]
[BlackElo "2130"]
[WhiteFideId "5026598"]
[BlackFideId "5017343"]
[EventDate "2011.08.02"]

1. e4 c6 2. d4 d5 3. exd5 cxd5 4. c4 Nf6 5. Nc3 e6 6. Nf3 Be7 7. cxd5 Nxd5 8.
Bd3 Nc6 9. O-O O-O 10. Re1 Bf6 11. Be4 Nce7 12. Ne5 Bd7 13. Qd3 g6 14. Bxd5 Nxd5
15. Nxd5 exd5 16. Qb3 Bc6 17. Bh6 Re8 18. Rad1 Re6 19. f4 Bxe5 20. Rxe5 Qb6 21.
Qc3 Rae8 22. Rde1 Bd7 23. Bg5 Kg7 24. Bh4 f6 25. Rxe6 Rxe6 26. Rxe6 Bxe6 27. h3
Bf5 28. Kh2 Qd6 29. Bg3 Kf7 30. a3 Qc6 1/2-1/2

[Event "50th World Juniors"]
[Site "Chennai IND"]
[Date "2011.08.02"]
[Round "1.35"]
[White "Mastalerz, Xavier"]
[Black "Petrisor, Adrian-Marian"]
[Result "0-1"]
[BlackTitle "FM"]
[WhiteElo "2129"]
[BlackElo "2408"]
[WhiteFideId "208310"]
[BlackFideId "1213741"]
[EventDate "2011.08.02"]

1. Nf3 c5 2. c4 Nc6 3. g3 e5 4. Nc3 g6 5. Bg2 Bg7 6. O-O Nge7 7. Ne1 O-O 8. d3
d6 9. Nc2 Rb8 10. Ne3 Nd4 11. Ned5 Nxd5 12. Nxd5 b5 13. e3 Ne6 14. b3 Ba6 15.
Bd2 f5 16. Rc1 Kh8 17. f4 b4 18. Rc2 Bb7 19. Bc1 Nc7 20. Nxc7 Qxc7 21. Bxb7 Qxb7
22. Bb2 Rbe8 23. Re1 a5 24. Qd2 a4 25. fxe5 dxe5 26. Rd1 Rd8 27. Qf2 g5 28. d4
a3 29. Ba1 f4 30. d5 Qc7 31. Kh1 f3 32. e4 Qd6 33. Rcd2 g4 34. Rd3 Qg6 35. Re1
Rf7 36. Kg1 h5 37. Kf1 h4 38. Ree3 hxg3 39. Qxg3 Qh5 40. Rd2 Kg8 41. Rf2 Rd6 42.
Rd3 Rf4 43. Re3 Qg6 44. h3 Rxe4 45. Rfxf3 Rxe3 46. Rxe3 Rf6+ 47. Kg1 Qf5 48. Re1
gxh3 49. Kh2 Rg6 50. Qe3 Qc2+ 0-1

[Event "50th World Juniors"]
[Site "Chennai IND"]
[Date "2011.08.02"]
[Round "1.36"]
[White "Shyam, Nikil P."]
[Black "Debashish, Dutta"]
[Result "1/2-1/2"]
[WhiteTitle "IM"]
[WhiteElo "2398"]
[BlackElo "2127"]
[WhiteFideId "5024218"]
[BlackFideId "5037816"]
[EventDate "2011.08.02"]

1. e4 c5 2. Nf3 Nc6 3. d4 cxd4 4. Nxd4 g6 5. c4 Bg7 6. Be3 Nf6 7. Nc3 d6 8. Be2
Nxd4 9. Qxd4 O-O 10. Qd2 Bd7 11. O-O a6 12. f4 Bc6 13. Bf3 Rc8 14. Rac1 b5 15.
cxb5 axb5 16. a3 Nd7 17. Qf2 Qa5 18. Rc2 b4 19. axb4 Qxb4 20. Rfc1 Rfe8 21. Nd5
Qb7 22. e5 Bxd5 23. Bxd5 Rxc2 24. Bxb7 Rxf2 25. Kxf2 Nf8 26. exd6 exd6 27. b4
Rb8 28. Rc7 Ne6 29. Rd7 Nf8 30. Rc7 Ne6 31. Rd7 Nf8 32. Rc7 Ne6 33. Rc8+ Rxc8
34. Bxc8 Nd4 35. Ba6 Kf8 36. b5 Ke7 37. b6 Kd7 38. Bc4 Nf5 39. Bxf7 Nxe3 40.
Kxe3 Kc6 41. Ke4 Kxb6 42. Kd5 Kc7 43. Ke6 Bd4 44. Bg8 Bg1 45. h4 h6 46. g4 Be3
47. f5 gxf5 48. gxf5 Kd8 1/2-1/2

[Event "50th World Juniors"]
[Site "Chennai IND"]
[Date "2011.08.02"]
[Round "1.37"]
[White "Kourkoulos-Arditis, Stamatis"]
[Black "Petenyi, Tamas"]
[Result "0-1"]
[BlackTitle "FM"]
[WhiteElo "2123"]
[BlackElo "2398"]
[WhiteFideId "4221990"]
[BlackFideId "14909090"]
[EventDate "2011.08.02"]

1. e4 Nc6 2. d4 e5 3. d5 Nce7 4. Bd3 Ng6 5. Ne2 Bc5 6. O-O N8e7 7. Nd2 a6 8. Nb3
Ba7 9. Ng3 d6 10. Nf5 O-O 11. c4 Nf4 12. Bxf4 exf4 13. Qg4 Ng6 14. Rad1 Qf6 15.
Nc1 Qxb2 16. h4 Qf6 17. h5 Ne5 18. Qxf4 g6 19. Qg3 Kh8 20. hxg6 fxg6 21. Ne3 Bd7
22. Be2 Qf4 23. Qxf4 Rxf4 24. Nd3 Rxe4 25. Nxe5 Rxe5 26. Bg4 Bxg4 27. Nxg4 Re4
28. Ne3 Bc5 29. Rb1 b6 30. a4 a5 31. Rfc1 Rxe3 0-1

[Event "50th World Juniors"]
[Site "Chennai IND"]
[Date "2011.08.02"]
[Round "1.38"]
[White "Debashis, Das"]
[Black "Karthikeyan, Murali"]
[Result "1/2-1/2"]
[WhiteTitle "IM"]
[WhiteElo "2396"]
[BlackElo "2122"]
[WhiteFideId "5024854"]
[BlackFideId "5074452"]
[EventDate "2011.08.02"]

1. d4 Nf6 2. c4 e6 3. Nc3 d5 4. cxd5 exd5 5. Bg5 Be7 6. e3 h6 7. Bh4 O-O 8. Bd3
b6 9. Rc1 Bb7 10. Nge2 Nbd7 11. h3 c5 12. O-O Ne4 13. Bxe7 Qxe7 14. dxc5 bxc5
15. Qa4 Nb6 16. Qa3 Nd2 17. Rfd1 Ndc4 18. Bxc4 Nxc4 19. Qb3 Rab8 20. Qc2 Rfd8
21. Nf4 Nb6 22. Nce2 Rbc8 23. b3 d4 24. exd4 cxd4 25. Qd2 Rxc1 26. Rxc1 Qg5 27.
Rd1 d3 28. Nc1 Rd4 29. Ncxd3 Rxd3 30. Qxd3 Qxf4 31. Qd4 Qxd4 32. Rxd4 Kf8 33.
Rd8+ Ke7 34. Rg8 g6 35. g4 Nd7 36. Rh8 Kf6 37. Kh2 Ne5 38. Kg3 g5 39. Rb8 Bf3
40. b4 Bd5 41. a4 Nd7 42. Rh8 Ke7 43. Rxh6 f6 44. h4 gxh4+ 45. Rxh4 Bb3 46. a5
Ne5 47. Rh8 Bc4 48. Rb8 a6 49. f4 Nc6 50. Rb7+ Kf8 51. g5 fxg5 52. fxg5 Bb5 53.
g6 Nxb4 54. Kf4 Nc6 55. Kg5 Nxa5 56. Rc7 Nc4 57. Kh6 Nd6 58. Kh7 Bd3 59. Rd7
Bxg6+ 60. Kxg6 Ne8 61. Rf7+ Kg8 62. Rf5 Nd6 63. Rf1 Ne8 64. Rf3 a5 65. Ra3 Kf8
66. Rxa5 Ke7 67. Ra1 Nc7 68. Re1+ Kd6 69. Kf5 Kc6 70. Ke5 Kd7 71. Rc1 Ne8 1/2-1/2

[Event "50th World Juniors"]
[Site "Chennai IND"]
[Date "2011.08.02"]
[Round "1.39"]
[White "Abhilash, Reddy M.L."]
[Black "Getz, Nicolai"]
[Result "0-1"]
[BlackTitle "FM"]
[WhiteElo "2109"]
[BlackElo "2385"]
[WhiteFideId "5024668"]
[BlackFideId "1505572"]
[EventDate "2011.08.02"]

1. d4 Nf6 2. Nc3 e6 3. Bg5 d5 4. e3 c5 5. Nf3 a6 6. e4 cxd4 7. Nxd4 dxe4 8. Bxf6
Qxf6 9. Nxe4 Qe5 10. Bd3 Nd7 11. c3 Nc5 12. Nf3 Qc7 13. O-O Nxd3 14. Qxd3 Be7
15. Rfe1 h6 16. Rad1 O-O 17. Ng3 Rd8 18. Qe4 Bd7 19. Ne5 Be8 20. Nf1 Bc5 21. Rd3
Rxd3 22. Nxd3 Ba7 23. Ne3 Rd8 24. Rd1 Bb8 25. Qh4 Bb5 26. c4 Bc6 27. b3 Ba7 28.
Qg3 Qa5 29. Ng4 Bb8 30. Qh4 0-1

[Event "50th World Juniors"]
[Site "Chennai IND"]
[Date "2011.08.02"]
[Round "1.43"]
[White "Lokesh, N."]
[Black "Krysa, Leandro"]
[Result "1/2-1/2"]
[BlackTitle "FM"]
[WhiteElo "2090"]
[BlackElo "2374"]
[WhiteFideId "5025044"]
[BlackFideId "116807"]
[EventDate "2011.08.02"]

1. e4 c5 2. Nf3 e6 3. d4 cxd4 4. Nxd4 Nc6 5. c4 Nf6 6. Nc3 Bb4 7. Nxc6 bxc6 8.
Bd3 e5 9. O-O O-O 10. Qc2 d6 11. Rb1 a5 12. Na4 Be6 13. a3 Bc5 14. b4 axb4 15.
axb4 Bd4 16. Bb2 Bxb2 17. Rxb2 Qe7 18. Rfb1 Qa7 19. Nc3 Nd7 20. b5 cxb5 21. cxb5
Nb6 22. Rb4 Rfc8 23. Qd2 Qa3 24. Nd1 h6 25. Be2 d5 26. exd5 Bxd5 27. Qe3 Qxe3
28. Nxe3 Ra2 29. Nxd5 Nxd5 30. Rc4 Rb8 31. Bf3 Nb6 32. Rc6 Ra4 33. Bd1 Rd4 34.
Bb3 Nd7 35. g3 Kf8 36. Bc4 Nb6 37. Be2 e4 38. Ra1 Rb7 39. Ra6 Nd7 40. b6 Ke7 41.
Rc7 Rb8 42. Bb5 Rd5 43. Bc6 Rd1+ 44. Kg2 e3 45. fxe3 Kd8 46. Raa7 Ne5 47. Be4
Rd2+ 48. Kh3 g5 49. g4 Rxb6 50. Re7 Re6 51. Reb7 Kc8 52. Rc7+ Kd8 53. Rcb7 Kc8 1/2-1/2

[Event "50th World Juniors"]
[Site "Chennai IND"]
[Date "2011.08.02"]
[Round "1.44"]
[White "Firat, Burak"]
[Black "Hercules, Benjamin Vincent"]
[Result "1-0"]
[WhiteTitle "IM"]
[WhiteElo "2373"]
[BlackElo "2089"]
[WhiteFideId "6305881"]
[BlackFideId "14301938"]
[EventDate "2011.08.02"]

1. e4 c5 2. Nf3 Nc6 3. d4 cxd4 4. Nxd4 Nf6 5. Nc3 d6 6. Be3 Ng4 7. Bb5 Nxe3 8.
fxe3 Bd7 9. O-O Ne5 10. Nf3 Bxb5 11. Nxb5 e6 12. Nxe5 dxe5 13. Qh5 Qe7 14. Rad1 1-0

[Event "50th World Juniors"]
[Site "Chennai IND"]
[Date "2011.08.02"]
[Round "1.45"]
[White "Barbier, Sigiswald"]
[Black "Narayanan, Srinath"]
[Result "1/2-1/2"]
[BlackTitle "IM"]
[WhiteElo "2088"]
[BlackElo "2371"]
[WhiteFideId "262447"]
[BlackFideId "5018420"]
[EventDate "2011.08.02"]

1. c4 Nf6 2. g3 e6 3. Bg2 d5 4. Nf3 d4 5. O-O Nc6 6. d3 e5 7. e3 Be7 8. Na3 O-O
9. Nc2 a5 10. Re1 Re8 11. b3 dxe3 12. fxe3 Bc5 13. Bb2 Bf5 14. d4 Bxc2 15. Qxc2
exd4 16. Rad1 Nb4 17. Qf5 Bb6 18. Bxd4 Bxd4 19. Nxd4 g6 20. Qf4 Nh5 21. Qf2 Qc8
22. Rf1 Re7 23. a3 Na6 24. Bd5 c6 25. Bxf7+ Kh8 26. Qb2 Ng7 27. Rf6 Nc5 28. Rdf1
Qd7 29. Be6 Qe8 30. Bg4 Rxe3 31. Qf2 h5 32. Bd1 Rc3 33. Ne2 Re3 34. Nd4 Qe4 1/2-1/2

[Event "50th World Juniors"]
[Site "Chennai IND"]
[Date "2011.08.02"]
[Round "1.47"]
[White "Ghaledar, Faraz"]
[Black "Nitin, S."]
[Result "0-1"]
[BlackTitle "IM"]
[WhiteElo "2088"]
[BlackElo "2365"]
[WhiteFideId "12510378"]
[BlackFideId "5018277"]
[EventDate "2011.08.02"]

1. d4 c5 2. d5 d6 3. c4 e5 4. Nc3 g6 5. e4 Bg7 6. Be3 Ne7 7. f3 f5 8. Qd2 h6 9.
Nge2 Nd7 10. Nc1 Nf6 11. Nd3 b6 12. Be2 g5 13. a4 Ng6 14. exf5 Bxf5 15. Nf2 Nf4
16. Bf1 Qe7 17. g3 a6 18. Nfe4 O-O 19. Qc2 g4 20. O-O-O gxf3 21. Re1 Rae8 22.
gxf4 Nxe4 23. Bd3 Nxc3 24. Bxf5 Ne2+ 25. Rxe2 fxe2 26. Be6+ Kh8 27. f5 Qh4 28.
Qxe2 b5 29. axb5 axb5 30. Rg1 Qxc4+ 31. Qxc4 bxc4 32. Rg6 Kh7 33. Rg4 Bf6 34. h4
Rb8 35. Rxc4 Rb4 36. Rxb4 cxb4 37. Bf2 Ra8 38. Kc2 Ra1 39. h5 e4 40. Bg3 Ra2 41.
Bxd6 Rxb2+ 42. Kc1 e3 43. Bg3 Rg2 44. Be1 Rg1 45. Kd1 Bc3 0-1

[Event "50th World Juniors"]
[Site "Chennai IND"]
[Date "2011.08.02"]
[Round "1.48"]
[White "Valsecchi, Alessio"]
[Black "Gireman, Ja"]
[Result "0-1"]
[WhiteTitle "FM"]
[WhiteElo "2354"]
[BlackElo "2084"]
[WhiteFideId "818860"]
[BlackFideId "5043794"]
[EventDate "2011.08.02"]

1. e4 e6 2. d4 d5 3. Nc3 Bb4 4. a3 Bxc3+ 5. bxc3 dxe4 6. Qg4 Nf6 7. Qxg7 Rg8 8.
Qh6 Rg6 9. Qd2 b6 10. Nh3 Bb7 11. Nf4 Rg8 12. a4 Nc6 13. a5 Nxa5 14. c4 Qd7 15.
Bb2 e5 16. d5 Qf5 17. Rxa5 bxa5 18. Ne2 O-O-O 19. Ng3 Qg6 20. Be2 h5 21. Qxa5 h4
22. Bxe5 Rd7 23. O-O hxg3 24. fxg3 Ne8 25. Rb1 Qa6 26. Qd2 Nd6 27. c5 Qa2 28.
Rb3 Nb5 29. d6 a6 30. h4 f6 31. Bc4 Re8 32. Bxf6 e3 33. Qe2 Qa5 34. Rxe3 Rxe3
35. Qxe3 cxd6 36. Be6 Qc7 37. cxd6 Qxd6 38. c4 Nc7 39. Bxd7+ Kxd7 40. Be5 Qd1+
41. Kh2 Qc2 42. Qg1 Ne6 43. Qf1 Ke8 44. Kh3 a5 45. h5 Bxg2+ 46. Qxg2 Ng5+ 47.
Kg4 Qxg2 48. Kxg5 Qe4 0-1

[Event "50th World Juniors"]
[Site "Chennai IND"]
[Date "2011.08.02"]
[Round "1.49"]
[White "Santos, Hugo Lima"]
[Black "Soors, Stef"]
[Result "1-0"]
[BlackTitle "FM"]
[WhiteElo "2078"]
[BlackElo "2353"]
[WhiteFideId "1913026"]
[BlackFideId "209511"]
[EventDate "2011.08.02"]

1. e4 c6 2. Nf3 d5 3. Nc3 Bg4 4. h3 Bxf3 5. Qxf3 e6 6. Be2 Nd7 7. O-O Ngf6 8. d4
dxe4 9. Nxe4 Nxe4 10. Qxe4 Nf6 11. Qe3 Bd6 12. c4 Qc7 13. b3 O-O-O 14. Bb2 Rhe8
15. Bf3 Bf4 16. Qe2 e5 17. dxe5 Rd2 18. Bg4+ Kb8 19. Qxd2 Bxd2 20. exf6 gxf6 21.
Bxf6 Qf4 22. Bh4 Ka8 23. Rad1 a5 24. a3 h6 25. Bg3 Qd4 26. b4 Qc3 27. b5 c5 28.
Bh5 Re7 29. Bd6 Rd7 30. Bxc5 Qe5 31. Be3 Qxh5 32. Rxd2 Rxd2 33. Bxd2 b6 34. Be3
Kb7 35. Rc1 Qe5 36. c5 bxc5 37. Rxc5 Qa1+ 38. Kh2 Qxa3 39. b6 Ka6 40. Rc7 Qd6+
41. g3 Kb5 42. Ra7 Kc4 43. Rxa5 Qb4 44. Ra7 Kd3 45. b7 h5 46. Bf4 Qb6 47. Kg2 1-0

[Event "50th World Juniors"]
[Site "Chennai IND"]
[Date "2011.08.02"]
[Round "1.50"]
[White "Ikeda, Junta"]
[Black "Akash Pc, Iyer"]
[Result "1-0"]
[WhiteTitle "FM"]
[WhiteElo "2349"]
[BlackElo "2069"]
[WhiteFideId "3204731"]
[BlackFideId "5006775"]
[EventDate "2011.08.02"]

1. d4 Nf6 2. c4 e6 3. Nf3 b6 4. g3 Ba6 5. Nbd2 Bb7 6. Bg2 Be7 7. O-O d5 8. cxd5
exd5 9. Nh4 g6 10. Nhf3 Nbd7 11. b3 O-O 12. Bb2 Bd6 13. Ne5 Qe7 14. Ndc4 Ne4 15.
Nxd6 cxd6 16. Nd3 Rac8 17. Rc1 Rxc1 18. Qxc1 Rc8 19. Qe3 Kf8 20. Rc1 Nef6 21.
Rxc8+ Bxc8 22. Qd2 Bb7 23. Ba3 Ne4 24. Qc1 Nb8 25. Bxe4 dxe4 26. Ne5 Kg8 27. Nc4
Nc6 28. Nxd6 Nxd4 29. Qb2 Nc6 30. Nf5 Qe5 31. Ne7+ 1-0

[Event "50th World Juniors"]
[Site "Chennai IND"]
[Date "2011.08.02"]
[Round "1.51"]
[White "Sekar, B"]
[Black "Janev, Tihomir"]
[Result "0-1"]
[WhiteElo "2061"]
[BlackElo "2349"]
[WhiteFideId "5043743"]
[BlackFideId "2910110"]
[EventDate "2011.08.02"]

1. e4 d6 2. d4 Nf6 3. Nc3 g6 4. Be3 a6 5. a4 Bg7 6. h3 O-O 7. Nf3 c5 8. Be2 b6
9. O-O cxd4 10. Bxd4 Bb7 11. Nd5 Nbd7 12. Nxf6+ Nxf6 13. e5 Nd5 14. Qd2 dxe5 15.
Nxe5 f6 16. Nc4 Qc7 17. Ne3 Rfd8 18. Nxd5 Bxd5 19. Qe3 Rd6 20. Bf3 Bxf3 21. Qxf3
Rad8 22. Bc3 Bh6 23. Rad1 Bd2 24. Rxd2 Rxd2 25. Bxd2 Rxd2 26. Qa8+ Kg7 27. Qxa6
Rxc2 28. Qb5 Qd6 29. Rb1 Qd4 30. Qf1 Qxa4 31. Qd1 Qc4 32. b4 Qe4 33. b5 Rd2 34.
Qb3 Qd4 35. Qg3 Rd1+ 36. Rxd1 Qxd1+ 37. Kh2 Qd6 38. f4 g5 39. fxg5 fxg5 0-1

[Event "50th World Juniors"]
[Site "Chennai IND"]
[Date "2011.08.02"]
[Round "1.52"]
[White "Barbosa, Evandro Amorim"]
[Black "Visakh, NR"]
[Result "1-0"]
[WhiteTitle "FM"]
[WhiteElo "2343"]
[BlackElo "2042"]
[WhiteFideId "2115824"]
[BlackFideId "25012223"]
[EventDate "2011.08.02"]

1. e4 c5 2. Nf3 e6 3. d4 cxd4 4. Nxd4 a6 5. Bd3 Qc7 6. O-O Nf6 7. Qe2 d6 8. c4
Be7 9. Nc3 Nbd7 10. f4 h5 11. Nf3 b6 12. Bd2 Bb7 13. Rae1 Rc8 14. b3 Rd8 15. Bb1
Rc8 16. f5 e5 17. Nd5 Nxd5 18. cxd5 O-O 19. Rc1 Qb8 20. Ng5 Nf6 21. Bd3 Rxc1 22.
Rxc1 Rc8 23. Ra1 b5 24. h3 Bd8 25. a4 Qa7+ 26. Kh2 b4 27. a5 Qc5 28. Bxa6 Bxa6
29. Qxa6 Rb8 30. Qc4 Qf2 31. Nf3 Qc5 32. Qxc5 dxc5 33. Ng5 Ra8 34. a6 Nd7 35.
Nf3 Ra7 36. Be3 Be7 37. Kg1 f6 38. Ra4 Nb8 39. Rxb4 cxb4 40. Bxa7 Nxa6 41. Be3
Bc5 42. Kf2 Kf7 43. Ne1 Bxe3+ 44. Kxe3 Nc5 45. Nd3 Nxb3 46. Nxb4 Nd4 47. Nc6 Nb5
48. Nd8+ Ke7 49. Ne6 Kf7 50. Nd8+ Ke7 51. Nb7 Nd4 1-0

[Event "50th World Juniors"]
[Site "Chennai IND"]
[Date "2011.08.02"]
[Round "1.53"]
[White "Jaswant, G"]
[Black "Artemenko, Oleg"]
[Result "0-1"]
[WhiteElo "2036"]
[BlackElo "2341"]
[WhiteFideId "5039401"]
[BlackFideId "14201798"]
[EventDate "2011.08.02"]

1. d4 d5 2. c4 dxc4 3. Nf3 Nf6 4. Qa4+ Nc6 5. g3 Nd5 6. Bg2 Nb6 7. Qc2 g6 8. O-O
Bg7 9. Rd1 O-O 10. h3 e5 11. Bg5 Qe8 12. dxe5 Nxe5 13. Nh2 Bf5 14. Qc1 Nc6 15.
Nc3 Nb4 16. e4 Be6 17. Bh6 Rd8 18. Ng4 Bxg4 19. hxg4 Na4 20. Kh2 Bxh6 21. Qxh6
Nxb2 22. Rh1 Qe5 23. Nd5 Qg7 24. Qc1 c6 25. Nxb4 a5 26. Nc2 Nd3 27. Qd2 Ne5 28.
Nd4 Nxg4+ 29. Kg1 Qxd4 30. Qe1 c3 31. Bf3 Ne5 32. Kg2 Qd3 33. Be2 Qxe4+ 34. f3
Qe3 35. f4 Rd2 36. Kf1 Nd3 0-1

[Event "50th World Juniors"]
[Site "Chennai IND"]
[Date "2011.08.02"]
[Round "1.54"]
[White "Kuchynka, Lukas"]
[Black "Praneeth, Surya"]
[Result "1/2-1/2"]
[WhiteTitle "FM"]
[WhiteElo "2339"]
[BlackElo "2036"]
[WhiteFideId "325058"]
[BlackFideId "5091411"]
[EventDate "2011.08.02"]

1. d4 Nf6 2. c4 g6 3. g3 Bg7 4. Bg2 O-O 5. Nf3 d6 6. Nc3 c5 7. O-O Nc6 8. d5 Na5
9. Qd3 e6 10. dxe6 Bxe6 11. Nd2 Nc6 12. Nde4 Nxe4 13. Nxe4 Qb6 14. Qxd6 Nd4 15.
e3 Nc2 16. Rb1 Bxc4 17. Qxb6 axb6 18. a3 Bxf1 19. Kxf1 f5 20. Nd2 Rad8 21. Bf3
Bh6 22. Bd1 Nxe3+ 23. fxe3 Bxe3 24. Bb3+ Kg7 25. Nf3 Rfe8 26. Bc2 Kf6 27. Bxe3
Rxe3 28. Kf2 Rde8 29. Ba4 Re2+ 30. Kf1 R8e7 1/2-1/2

[Event "50th World Juniors"]
[Site "Chennai IND"]
[Date "2011.08.02"]
[Round "1.56"]
[White "Krishna, C.R.G."]
[Black "Krishna, Prasad K.C."]
[Result "1-0"]
[WhiteElo "2330"]
[BlackElo "2027"]
[WhiteFideId "5018625"]
[BlackFideId "5020239"]
[EventDate "2011.08.02"]

1. d4 Nf6 2. Nf3 e6 3. g3 b6 4. Bg2 Bb7 5. O-O Be7 6. b3 O-O 7. Bb2 d6 8. c4
Nbd7 9. Nc3 Ne4 10. Qd3 f5 11. Rfe1 Qc8 12. Rad1 Ndf6 13. d5 e5 14. Bh3 c6 15.
dxc6 Bxc6 16. Nxe4 Nxe4 17. Bg2 Qb7 18. b4 Qc7 19. Nd2 Nxd2 20. Rxd2 Bxg2 21.
Kxg2 f4 22. Qd5+ Kh8 23. Rd3 Rac8 24. Rc1 fxg3 25. hxg3 Qc6 26. Ra3 Bg5 27. e3
Rf7 28. Rd3 Rfc7 29. Rcc3 Be7 30. b5 Qxd5+ 31. cxd5 Rxc3 32. Rxc3 Rxc3 33. Bxc3
Kg8 34. e4 g5 35. a4 Kf7 36. Bd2 h5 37. Be3 Kg6 38. f4 exf4 39. gxf4 h4 40. Kh3
Kh5 41. fxg5 Bxg5 42. Bd4 Bd8 43. Bc3 Kg5 44. Bd2+ Kh5 45. Bb4 Bc7 46. e5 Kg5
47. Bxd6 Bd8 1-0

[Event "50th World Juniors"]
[Site "Chennai IND"]
[Date "2011.08.02"]
[Round "1.58"]
[White "Sochacki, Wojtek"]
[Black "Yohan, J."]
[Result "1/2-1/2"]
[WhiteTitle "FM"]
[WhiteElo "2316"]
[BlackElo "2017"]
[WhiteFideId "651389"]
[BlackFideId "5058589"]
[EventDate "2011.08.02"]

1. e4 e5 2. Nf3 Nc6 3. d4 exd4 4. Nxd4 Nf6 5. Nxc6 bxc6 6. Bd3 d5 7. Nd2 Bc5 8.
O-O O-O 9. h3 Re8 10. Qf3 Nd7 11. Nb3 Ne5 12. Qg3 Bd6 13. exd5 Nxd3 14. Qxd3
cxd5 15. Be3 c6 16. Bc5 Bxc5 17. Nxc5 Qf6 18. c3 Bf5 19. Qd4 Qxd4 20. cxd4 Re2
21. g4 Bg6 22. f4 Be4 23. Rf2 Re3 24. Kh2 Rb8 25. f5 Rb4 26. Nb3 a5 27. Rd1 a4
28. Na5 Rb6 29. Rfd2 Ra6 30. Nb7 h5 31. Nc5 Ra8 32. Rc1 hxg4 33. hxg4 f6 34.
Nxe4 Rxe4 35. Kg3 Re3+ 36. Kf2 Re4 37. Kf3 Rc8 38. Rc3 g5 39. Re3 Rce8 40. Rxe4
Rxe4 41. Rc2 Rxd4 42. Rxc6 Kf7 43. Rc7+ Ke8 44. Rc6 Kf7 45. Rc7+ Ke8 46. Rc6 Kf7
47. Rb6 Rf4+ 48. Kg3 Ke7 49. Re6+ Kf7 50. Re3 Rb4 51. b3 axb3 52. axb3 d4 53.
Re6 Rxb3+ 54. Kg2 Rb2+ 55. Kg3 Rb3+ 56. Kg2 1/2-1/2

[Event "50th World Juniors"]
[Site "Chennai IND"]
[Date "2011.08.02"]
[Round "1.60"]
[White "Kunal, M."]
[Black "Benitez Lozano, Javier"]
[Result "1-0"]
[WhiteElo "2298"]
[BlackElo "1994"]
[WhiteFideId "5018250"]
[BlackFideId "5102472"]
[EventDate "2011.08.02"]

1. e4 e5 2. Nf3 Nc6 3. Bb5 a6 4. Ba4 Nf6 5. O-O Be7 6. Re1 b5 7. Bb3 d6 8. c3
O-O 9. d4 Bg4 10. Be3 Re8 11. Nbd2 d5 12. h3 exd4 13. cxd4 Bxf3 14. Qxf3 dxe4
15. Nxe4 Nxd4 16. Bxd4 Qxd4 17. Ng5 Bb4 18. Bxf7+ Kh8 19. Bxe8 Bxe1 20. Rxe1 Qb4
21. Re6 Rxe8 22. Rxf6 Qe1+ 23. Kh2 Qe5+ 24. Rf4 Qe7 25. Qe4 Qxe4 26. Rxe4 Rf8
27. Kg3 h6 28. Ne6 Rc8 29. Rd4 c5 30. Rd8+ Rxd8 31. Nxd8 b4 32. Nf7+ Kg8 33. Ne5
g5 34. Kg4 Kg7 35. Kf5 a5 36. b3 1-0

[Event "50th World Juniors"]
[Site "Chennai IND"]
[Date "2011.08.02"]
[Round "1.62"]
[White "Sapozhnikov, Roman"]
[Black "Bryan-Vissi, Mark"]
[Result "1-0"]
[WhiteTitle "FM"]
[WhiteElo "2295"]
[BlackElo "1815"]
[WhiteFideId "2601842"]
[BlackFideId "5900638"]
[EventDate "2011.08.02"]

1. e4 c5 2. Nf3 d6 3. d4 cxd4 4. Nxd4 Nf6 5. Nc3 Nc6 6. Bg5 Bd7 7. Qd2 Rc8 8. f4
Nxd4 9. Qxd4 Qb6 10. Qxb6 axb6 11. Bxf6 gxf6 12. Bd3 Rg8 13. g3 Bc6 14. Nd5 b5
15. O-O-O Bg7 16. Rhe1 Kd8 17. Nc3 f5 18. exf5 Bxc3 19. bxc3 Bf3 20. f6 e6 21.
Bxh7 Bxd1 22. Bxg8 Bh5 23. Bh7 Rxc3 24. Bd3 Rc5 25. h3 Bf3 26. g4 Kd7 27. Re3
Bd5 28. a3 Bc4 29. Kd2 Rc8 30. h4 Rg8 31. g5 Rh8 32. Rh3 e5 33. f5 Ke8 34. Bxc4
bxc4 35. g6 1-0

[Event "50th World Juniors"]
[Site "Chennai IND"]
[Date "2011.08.03"]
[Round "2.1"]
[White "Getz, Nicolai"]
[Black "Sjugirov, Sanan"]
[Result "1-0"]
[WhiteTitle "FM"]
[BlackTitle "GM"]
[WhiteElo "2385"]
[BlackElo "2629"]
[WhiteFideId "1505572"]
[BlackFideId "4189302"]
[EventDate "2011.08.02"]

1. d4 Nf6 2. c4 e6 3. Nf3 d5 4. Nc3 Bb4 5. Qb3 c5 6. cxd5 exd5 7. dxc5 Nc6 8.
Bg5 Be6 9. O-O-O O-O 10. e4 dxe4 11. Bc4 Qc7 12. Nd4 Nxd4 13. Qxb4 Nc6 14. Qa4
Nd7 15. Be3 Nb6 16. cxb6 axb6 17. Qb3 Na5 18. Bxe6 Nxb3+ 19. Bxb3 Rad8 20. Kb1
Rxd1+ 21. Rxd1 Qxh2 22. g3 Qh5 23. Nxe4 Qf5 24. Bc2 Rc8 25. Nc3 Qe6 26. Bb3 Qf5+
27. Ka1 b5 28. Nd5 Qe4 29. a3 h5 30. Ka2 h4 31. Rd4 Qe5 32. Rxh4 Rd8 33. Bd4 Qg5
34. Be3 Qe5 35. Rd4 b4 36. Rd2 bxa3 37. Bf4 Qe8 38. bxa3 Qf8 39. Rc2 Ra8 40. Bc1
Qd6 41. Bb2 Rd8 42. f4 Re8 43. g4 Qg6 44. f5 Qd6 45. g5 Kf8 46. Bc3 Kg8 47. Bb2
Kf8 48. Bc3 1-0